000 00264nam a2200097Ia 4500
001 1178188
005 20250827012741.0
008 250824s9999 xx 000 0 und d
245 0 _aİBNİ SİNA İLE UÇAN ADAMIN PEŞİNDE
_cÖZKAN ÖZE
260 _bKETEBE YAYINLARI
999 _c1178188
_d1178188